| 000 | 00843nam a22002777a 4500 | ||
|---|---|---|---|
| 001 | BR9505852 | ||
| 003 | BR-BrBNA | ||
| 005 | 20230928094553.0 | ||
| 007 | ta | ||
| 008 | 230509b bl.||||| |||| 00| 0 por d | ||
| 040 |
_aBR-BrBNA _bpor _cBiblioteca Nacional de Agricultura |
||
| 041 | _a(Por) | ||
| 072 |
_aF01; F30; H10 _b0337 |
||
| 090 | _ 0337 BR9505852 | ||
| 110 | 1 |
_aCentro Nacional de Pesquisa de Soja, Londrina, PR (Brasil) _91793 |
|
| 111 | 1 |
_a4. Reuniao Nacional de Pesquisa de Girassol _cLondrina, PR (Brazil) _d28-31 Aug 1984 |
|
| 245 | 1 | _aResultados de pesquisa de girassol 1984 | |
| 260 | 3 |
_aLondrina, PR (Brasil): _c1984. |
|
| 300 | _a65 p. | ||
| 650 | _aGirassol | ||
| 650 | _aPlantio | ||
| 650 | _aMelhoramento Genetico Vegetal | ||
| 650 | _aPraga de Planta | ||
| 909 |
_a202309 _bLucia _c55 _dLucia Elande |
||
| 942 | _cBK | ||
| 999 |
_c51414 _d51414 |
||